Milionár viceprezidentom ČĽR Čínsky parlament volil najvyšších predstaviteľov štátu

Bibliographic Details
Main Author: Ťiang Ce-min (Author)
Format: Article
Language:Slovak
Subjects:

MARC

LEADER 00000nab a2200000 a 4500
001 vtls000477571
003 SK-MaSNL
005 20260304040721.0
008 120927c xo 0 slo
015 |a SNBRB19rr/mm-uuuuu 
035 |a CL0477705 
040 |a SNKBUCL  |b slo  |c SNKBUCL  |e AACR2 
041 0 |a slo 
044 |a xo  |c SK 
080 |a 323(510)  |2 1981 
080 |a 342.53(510)  |2 1981 
245 0 0 |a Milionár viceprezidentom ČĽR  |b Čínsky parlament volil najvyšších predstaviteľov štátu 
650 0 7 |a vnútorná politika  |2 snkbucl  |9 970 
650 0 7 |a parlament Číny  |2 snkbucl  |9 1321929 
651 7 |a Čína  |2 snkbucl  |9 21369 
655 7 |a články z novín a časopisov  |2 snkbucl  |9 267496 
700 1 |a Ťiang Ce-min  |4 aut  |9 1321930 
773 0 |t Pravda  |g Roč. 3 (74), č. 73 (29. 3. 1993), s. 11 
850 |a Slovenská národná knižnica v Martine  |a MTA001 
852 |a SNK  |b KIS3GCP 
958 |a RK 
992 |a RBX 
999 |c 2664721  |d 2666651